000 00666nam a2200265Ia 4500
003 OSt
005 20221005131555.0
006 a|||||r|||| 00| 0
007 ta
008 221004b |||||||| |||| 00| 0 sat d
020 _c36.00
024 _a47489
037 _cTextual
040 _aCRL
_cCRL
_bsat
041 _2sat
_asat
082 _aO15,1J50,1, 31N4
100 _aMutthaiah Au.
_9639810
245 0 _aSri Narayanuyam
260 _c1994
300 _a248p.
_ccm.
650 _a SANSKRIT POETRY
_9155567
650 _aSANSKRIT LITERATURE
942 _hO15,1J50,1, 31N4
_cTEXL
_2cc
999 _c1060762
_d1060762